Οργάνωσις των επιχειρήσεων : εισαγωγή εις την οργάνωσιν εργοστασίων (γενικά θέματα)

Αποθηκεύτηκε σε:
Λεπτομέρειες βιβλιογραφικής εγγραφής
Κύριος συγγραφέας: Χρυσοχός, Ιωάννης Λ.
Συγγραφή απο Οργανισμό/Αρχή: Ανωτέρα Σχολή Βιομηχανικών Σπουδών
Μορφή: Βιβλίο
Γλώσσα:Greek
Δημοσίευση: Αθήναι : Αργύρης Παπαζήσης, 1948.
Σειρά:Ανωτέρα Σχολή Βιομηχανικών Σπουδών ; 2
Θέματα:
Ετικέτες: Προσθήκη ετικέτας
Δεν υπάρχουν, Καταχωρήστε ετικέτα πρώτοι!

MARC

LEADER 00000cam a2200000 i 4500
001 1/57113
008 130627s1948 gr | ||| |||| ||gre||
035 |l 10000105 
040 |a GR-MyUA  |b gre  |e AACR2 
041 0 |a gre 
082 0 |a 658.4  |2 (22) 
100 1 |a Χρυσοχός, Ιωάννης Λ. 
245 1 0 |a Οργάνωσις των επιχειρήσεων :   |b εισαγωγή εις την οργάνωσιν εργοστασίων (γενικά θέματα) /   |c κατ τάς παραδόσεις του καθηγητού Ιωάννου Λ. Χρυσοχού.  
260 |a Αθήναι :   |b Αργύρης Παπαζήσης,   |c 1948.  
300 |a [3] φύλλα, 96, [3] σ., 1 αναδιπλ. φύλλο ;   |c 22 εκ.  
490 1 |a (Ανωτέρα Σχολή Βιομηχανικών Σπουδών ;   |v 2)  
500 |a Στη σ.τ. σφραγίδα "Δημόσια Εμπορική Σχολή Σάμου εν Καρλοβασιω 1945".  
650 0 0 |a Business planning. 
710 2 |a Ανωτέρα Σχολή Βιομηχανικών Σπουδών. 
830 0 |a Ανωτέρα Σχολή Βιομηχανικών Σπουδών ;  |v 2 
852 |a INST  |b SAMOS  |c PORFYRIADA  |e 20130627  |h 658.4 ΧΡΥ  |p 005300040293  |q 005300040293  |t NOLOAN  |y 23 
901 |a BIBL3-2013-2 
970 |a ΚΟΣΙΕΡΗΣ  |b ΧΡΗΣΤΟΣ  |z 2013/06/25